Attractions of Shanghai by Picture - Statistics

General Stats
  • This quiz has been taken 17 times
  • The average score is 14 of 20
Answer Stats
Picture Hint Answer % Correct
Building Group, Huangpu The Bund
100%
Classical Garden, Huangpu Yu Garden
93%
Airport, Changning Hongqiao Int'l Airport
87%
Artificial Lake, Pudong Dishui Lake
80%
Temple, Jing'an Jing'an Temple
80%
Financial District, Pudong Lujiazui
80%
TV Tower, Pudong Oriental Pearl Tower
80%
City Square, Huangpu People's Square
80%
Airport, Pudong Pudong Int'l Airport
80%
Theme Park, Pudong Shanghai Disneyland
80%
Pedestrian Street, Huangpu East Nanjing Road
73%
Bridge, Huangpu-Hongkou Waibaidu Bridge
73%
City Park, Pudong Century Park
67%
Stadium, Hongkou Hongkou Football Stadium
67%
Mountain, Songjiang Mount She
60%
Ancient Town, Qingpu Zhujiajiao
60%
Building, Pudong China Art Museum
53%
Museum, Pudong Shanghai S&T Museum
53%
Lake, Qingpu Dianshan Lake
40%
Classical garden, Jiading Guyi Garden
33%
No matching quizzes found
Score Distribution
Percent of People with Each Score
Percentile by Number Answered
Your Score History
You have not taken this quiz